| 000 | 00361nam a2200109Ia 4500 | ||
|---|---|---|---|
| 005 | 20251222152040.0 | ||
| 008 | 251222s9999||||xx |||||||||||||| ||spa|| | ||
| 082 | _a333.78/I59 | ||
| 245 | 0 | _aPlan maestro para la protección de la biodiversidad mediante el fortalecimiento del sistema nacional de áreas protegidas | |
| 264 | _bUCSS. Fondo Editorial | ||
| 942 | _cLIB | ||
| 999 |
_c26006 _d26006 |
||